| 000 | 00676nam a22002177a 4500 | ||
|---|---|---|---|
| 003 | OSt | ||
| 005 | 20251103032117.0 | ||
| 008 | 251103b |||||||| |||| 00| 0 eng d | ||
| 020 | _a0-07-252787-0. | ||
| 040 |
_aDWCL-Main lib _cOC |
||
| 082 | _aCirc. 343.7309 C323l 2003 | ||
| 100 | _aCanton, David R. | ||
| 245 |
_aLegal lanndmines in E-commerce _cCanton, David R. |
||
| 260 |
_aBoston : _bMcGraw-Hill/Irwin, _cc2003. |
||
| 300 |
_axvi, 122 pages ; _c23 cm. |
||
| 504 | _aIncludes index. | ||
| 650 | _21. Electronic commerce-law and legislation-united States. | ||
| 700 | _aMiller, John E. | ||
| 710 | _aRichard Ivey School of Business | ||
| 942 |
_2ddc _cBK-CIRC _kCirc. _n0 |
||
| 999 |
_c5393 _d5393 |
||